000 00868cam a2200277 4500
001 1292716
003 URS
005 20260326151013.0
008 720516s1972 ilu b 001 0 eng
010 _a 76181384
040 _aDLC
_cDLC
_dURS
_beng
_erda
043 _an-us---
050 1 4 _aHB171.5
_b.H252 1972
100 1 _aHarter, Lafayette G.,
_cJr.,
_d1918-2011.
245 1 0 _aEconomic responses to a changing world
_c[by] Lafayette G. Harter, Jr.
264 1 _aGlenview, Illinois,
_bScott, Foresman
_c[1972]
300 _a493 pages ;
_c24 cm
336 _atext
_btxt
_2rdacontent
337 _aunmediated
_bn
_2rdamedia
338 _avolume
_bnc
_2rdacarrier
504 _aIncludes index.
650 0 _aEconomics.
650 0 _aEconomic history.
651 0 _aUnited States
_xEconomic conditions.
942 _2lcc
_cFR
_hHB171.5
_i.H252 1972
999 _c99276
_d99273